El test de Zulliger: un test individual y colectivo
Gespeichert in:
| Hauptverfasser: | , |
|---|---|
| Format: | Buch |
| Sprache: | Spanisch |
| Veröffentlicht: |
Buenos Aires
Kapelusz
1970
|
| Schriftenreihe: | Biblioteca de psicología contemporánea
|
| Schlagworte: | |
| Tags: |
Tag hinzufügen
Keine Tags, Fügen Sie den ersten Tag hinzu!
|
MARC
| LEADER | 00000nam a2200000 a 4500 | ||
|---|---|---|---|
| 001 | UCY6053 | ||
| 003 | CL-VaPUC | ||
| 008 | 950521e19700700AG |||||||||||||||||spa|d | ||
| 082 | 0 | 4 | |a 150.287 |b ZUL |2 21 |
| 100 | 0 | |a Zulliger, Hans |e author |9 335640 | |
| 700 | 0 | |a Salomon, Fritz |e author |9 335641 | |
| 245 | 1 | 3 | |a El test de Zulliger: un test individual y colectivo |
| 300 | |a 395 p | ||
| 942 | |c BK | ||
| 945 | |d 19950521 00:00:00 |a mfernand | ||
| 260 | |a Buenos Aires |b Kapelusz |c 1970 | ||
| 650 | 0 | |a Pruebas psicológicas |9 307459 | |
| 650 | 0 | |a Psicometría |9 260694 | |
| 650 | 7 | |a INVESTIGACION PSICOLOGICA |2 CL-VaPUC |9 309030 | |
| 650 | 7 | |a PSICOLOGIA EXPERIMENTAL |2 CL-VaPUC |9 309015 | |
| 583 | |a last modification |c 19950521 00:00:00 |k Rodrigo Vera | ||
| 490 | 0 | |a Biblioteca de psicología contemporánea | |
| 999 | |c 233637 |d 233635 | ||
| 952 | |0 0 |1 0 |4 0 |6 150_287000000000000_ZUL_1970 |7 0 |8 R |9 239290 |a BIBEDU |b BIBEDU |c MCIRC |d 2019-11-18 |i 1505505 |o 150.287 ZUL 1970 |p 1505505 |r 2023-01-13 |w 2019-11-18 |y BK_R |k EDU | ||